Introduction to electromagnetic fields

সংরক্ষণ করুন:
গ্রন্থ-পঞ্জীর বিবরন
প্রধান লেখক: Paul, Clayton R. (Author), Nasar, Syed Abu (Author)
বিন্যাস: গ্রন্থ
ভাষা:ইংরেজি
প্রকাশিত: Nueva York McGraw-Hill 1987
সংস্করন:2a. ed
মালা:Electrical Engineering Series
বিষয়গুলি:
ট্যাগগুলো: ট্যাগ যুক্ত করুন
কোনো ট্যাগ নেই, প্রথমজন হিসাবে ট্যাগ করুন!

MARC

LEADER 00000nam a2200000 a 4500
001 UCN7878
003 CL-VaPUC
008 011026e19870000US |||||||||||||||||eng|d
082 0 4 |a 537  |b PAU  |2 21 
100 |a Paul, Clayton R.  |e author  |9 464094 
700 |a Nasar, Syed Abu  |e author  |9 476076 
245 1 0 |a Introduction to electromagnetic fields 
250 |a 2a. ed 
300 |a 742 p 
942 |c BK 
945 |d 20011026 00:00:00  |a cmena 
260 |a Nueva York  |b McGraw-Hill  |c 1987 
650 7 |a CAMPOS ELECTROMAGNETICOS  |2 CL-VaPUC  |9 264139 
650 0 |a Vectores  |9 317184 
650 0 |a Energía   |9 259431 
650 0 |a Radiación  |9 259874 
650 7 |a PROPIEDADES ELECTROMAGNETICAS  |2 CL-VaPUC  |9 345468 
650 0 |a Propagación de ondas  |9 263256 
583 |a last modification  |c 20011026 00:00:00  |k Rodrigo Vera 
490 0 |a Electrical Engineering Series 
999 |c 298069  |d 298067 
952 |0 0  |1 0  |4 0  |6 537_000000000000000_PAU_1987  |7 0  |8 A  |9 353402  |a BIBING  |b BIBING  |d 2019-11-21  |i 3768317  |o 537 PAU 1987  |p 3768317  |r 2025-01-20  |w 2019-11-21  |y BK  |k EIE